000 00220nam a22001217a 4500
999 _c169089
_d169089
082 _a
_b
100 _a
245 _aAitareyabrahmana/
_c
260 _aDelhi:
_bNag,
_c
300 _a
650 _a
942 _cBK